| 000 | 00723nam a2200253 i 4500 | ||
|---|---|---|---|
| 001 | 66857 | ||
| 003 | ES-MaACL | ||
| 005 | 20230906165850.0 | ||
| 007 | t| | ||
| 008 | 030326s2002 sp ||||0| spa d | ||
| 020 | _a84-254-0904-7 | ||
| 040 |
_aM-BN _bspa _cM-BN |
||
| 080 | _a1(091) | ||
| 100 | 1 |
_aFischl, Johann. _951016 |
|
| 245 | 1 | 0 |
_aManual de historia de la filosofía / _cJohann Fischl ; [versión castellana de Daniel Ruiz Bueno]. |
| 250 | _a8ª ed. | ||
| 260 |
_aBarcelona : _bHerder, _c2002. |
||
| 300 |
_a579 p. ; _c22 cm. |
||
| 500 | _aIndice. | ||
| 650 | 4 |
_aFilosofía- _vHistoria. _9158248 |
|
| 700 | 1 |
_aRuiz Bueno, Daniel. _9100677 |
|
| 852 |
_aES-MaACL _jL-27335 _bR.132992 |
||
| 999 |
_c66857 _d66857 |
||